Parques Nacionales Costa Rica / National Parks (Registro nro. 419)
[ vista simple ]
| 000 -Cabecera | |
|---|---|
| Campo de control de longitud fija | 00645aam a2200265 4500 |
| 005 - Fecha y hora de la última transacción | |
| Campo de control | 20250729173808.0 |
| 008 - Elementos de longitud fija--Información general | |
| Campo de control de longitud fija | 150730b1992 xxu||||| |||| 00| 0 spa d |
| 020 ## - International Standard Book Number | |
| Número Internacional Estándar del Libro (ISBN) | 8485389964 |
| 041 ## - Idioma | |
| Código de idioma | Español |
| 041 ## - Idioma | |
| Código de idioma | Inglés |
| 082 ## - Clasificación Decimal Dewey | |
| Número de clasificación | 574.5 B793p |
| 100 ## - Entrada principal--Autor personal | |
| Nombre personal | Boza, Mario |
| 245 ## - Título propiamente dicho | |
| Título | Parques Nacionales Costa Rica / National Parks |
| 260 ## - Pie de imprenta | |
| Lugar de publicación, distribución, etc. | Costa Rica |
| 260 ## - Pie de imprenta | |
| Nombre del editor, distribuidor, etc. | Incafo |
| 260 ## - Pie de imprenta | |
| Fecha de publicación, distribución, etc. | 1992 |
| 300 ## - Descripción física | |
| Extensión | 87 páginas |
| 490 ## - Serie | |
| Título de la Serie | Turismo |
| 650 ## - Materia general | |
| Temática (materia general) | PARQUES NACIONALES |
| 650 ## - Materia general | |
| Temática (materia general) | RESERVAS DE TIERRAS |
| 650 ## - Materia general | |
| Temática (materia general) | RESERVAS BIOLÓGICAS |
| 650 ## - Materia general | |
| Temática (materia general) | REFUGIOS DE VIDA SILVESTRE |
| 650 ## - Materia general | |
| Temática (materia general) | COSTA RICA |
| 942 ## - Punto de acceso adicional KOHA | |
| Tipo de ítem KOHA | Libro |
| Fuente del sistema de clasificación o colocación | Dewey Decimal Classification |
| Signatura completa | Código de barras | Programa Académico | Tipo de ítem |
|---|---|---|---|
| 333.783.097.286 B793p | 2411 | Turismo | Libro |
| 333.783.097.285 B793p | 2410 | Turismo | Libro |